[Event "Baden Oos - Forchheim"]
[Site "BL 0203"]
[Date "2002.12.14"]
[Round "5.6"]
[White "Schenk, Andreas"]
[Black "Doeres, Hans-Juergen"]
[Result "1/2-1/2"]
[WhiteElo "2479"]
[BlackElo "2271"]
[PlyCount "99"]
[EventDate "2002.??.??"]

1. d4 d5 2. c4 c6 3. Nf3 Nf6 4. Nc3 a6 5. Ne5 e6 6. Bf4 dxc4 7. Nxc4 b5 8. Ne5
c5 9. e3 cxd4 10. exd4 Bb7 11. Nf3 Bd6 12. Bg5 Nbd7 13. Bd3 h6 14. Bd2 O-O 15.
O-O b4 16. Na4 Qa5 17. Be2 Ne4 18. a3 Nxd2 19. Nxd2 bxa3 20. bxa3 Qg5 21. Bf3
Qf4 22. g3 Bxf3 23. Nxf3 Qf5 24. Re1 Rac8 25. Re3 Nf6 26. Nc3 Nd5 27. Nxd5 Qxd5
28. Rc1 Rc4 29. Rxc4 Qxc4 30. Ne5 Qd5 31. Nf3 Rc8 32. Qa4 Rc1+ 33. Kg2 Qc4 34.
Qxc4 Rxc4 35. Rb3 Ra4 36. h4 Bxa3 37. h5 Bb4 38. Ne5 a5 39. Nc6 Kf8 40. d5 exd5
41. Rd3 g6 42. Rxd5 Ra2 43. hxg6 fxg6 44. Nxb4 axb4 45. Rb5 Rb2 46. Rb6 Kf7 47.
Kh3 Rb1 48. Kg4 b3 49. Kf4 b2 50. Kf3 1/2-1/2

[Event "Baden Oos - Forchheim"]
[Site "BL 0203"]
[Date "2002.12.14"]
[Round "5.7"]
[White "Bade, Joern"]
[Black "Schlosser, Philipp"]
[Result "0-1"]
[WhiteElo "2267"]
[BlackElo "2534"]
[PlyCount "56"]
[EventDate "2002.??.??"]

1. e4 c5 2. Nf3 Nc6 3. c3 d5 4. exd5 Qxd5 5. d4 Nf6 6. dxc5 Qxc5 7. Na3 e5 8.
Nb5 Qe7 9. b3 Bg4 10. Ba3 Qd8 11. Nd6+ Bxd6 12. Qxd6 Qxd6 13. Bxd6 O-O-O 14.
Bc5 Ne4 15. Be3 Nxc3 16. Bc4 f6 17. O-O Nd5 18. Rfc1 Kb8 19. Bb5 Nxe3 20. fxe3
Ne7 21. Rc2 Nf5 22. Kf2 Nd6 23. Be2 Bf5 24. Rb2 Rc8 25. Nd2 Rhd8 26. Bf3 Rc3
27. Bd5 Rd3 28. e4 Bxe4 0-1

[Event "Baden Oos - Forchheim"]
[Site "BL 0203"]
[Date "2002.12.14"]
[Round "5.8"]
[White "Keitlinghaus, Ludger"]
[Black "Lang, Stefan"]
[Result "1-0"]
[WhiteElo "2500"]
[BlackElo "2225"]
[PlyCount "57"]
[EventDate "2002.??.??"]

1. e4 c5 2. c3 e6 3. d4 d5 4. e5 Qb6 5. Nf3 Bd7 6. a3 a5 7. Be2 Nc6 8. O-O a4
9. dxc5 Bxc5 10. c4 dxc4 11. Nc3 Nd4 12. Bxc4 Ne7 13. Ng5 Ng6 14. Nce4 Nxe5 15.
Nxc5 Qxc5 16. Ne4 Qb6 17. Be3 Nec6 18. Nd6+ Ke7 19. Nb5 e5 20. Nxd4 exd4 21.
Bf4 Ra5 22. Re1+ Kd8 23. Bd2 Rc5 24. Qxa4 Qxb2 25. Rad1 Ne5 26. Qa8+ Rc8 27.
Qa5+ b6 28. Qxe5 Rxc4 29. Bf4 1-0

[Event "Erfurt - Godesberg"]
[Site "BL 0203"]
[Date "2002.12.14"]
[Round "5.1"]
[White "Breder, Dennis"]
[Black "Haba, Petr"]
[Result "1/2-1/2"]
[WhiteElo "2440"]
[BlackElo "2534"]
[PlyCount "97"]
[EventDate "2002.??.??"]

1. e4 d5 2. exd5 Qxd5 3. Nc3 Qa5 4. d4 c6 5. Nf3 Nf6 6. Bd2 Bf5 7. Bc4 e6 8.
Nd5 Qd8 9. Nxf6+ gxf6 10. c3 Bd6 11. Qe2 Bg4 12. h3 Bxf3 13. Qxf3 Nd7 14. O-O
Qc7 15. b4 O-O-O 16. a4 Rdg8 17. Rfb1 Rg6 18. Bf1 Rhg8 19. a5 f5 20. b5 Nf6 21.
bxc6 Ne4 22. Rxb7 Qxc6 23. Rxa7 Bb8 24. Ra6 Qc7 25. Bf4 Ng5 26. Bxc7 Nxf3+ 27.
Kh1 Kxc7 28. d5 exd5 29. Rxg6 hxg6 30. gxf3 Ba7 31. Kg2 Rb8 32. Ra2 Rb3 33. a6
Rxc3 34. Rb2 Bb6 35. Ra2 Kb8 36. Rb2 Ka7 37. Rd2 Rc5 38. Bd3 Rc1 39. Rb2 f4 40.
Bf1 Re1 41. Re2 Rxe2 42. Bxe2 g5 43. Bd3 Kb8 44. Kf1 Kc7 45. Ke2 Kd6 46. Bb5
Kc5 47. Bd3 Kd4 48. Bb5 Kc3 49. Bd3 1/2-1/2

[Event "Erfurt - Godesberg"]
[Site "BL 0203"]
[Date "2002.12.14"]
[Round "5.3"]
[White "Langheinrich, Ferenc"]
[Black "Casper, Thomas"]
[Result "1/2-1/2"]
[WhiteElo "2363"]
[BlackElo "2393"]
[PlyCount "93"]
[EventDate "2002.??.??"]

1. Nf3 Nf6 2. c4 d6 3. g3 e5 4. Bg2 Be7 5. O-O O-O 6. d4 Nbd7 7. Nc3 Re8 8. b3
c6 9. Qc2 Qc7 10. Bb2 Bf8 11. Rac1 b6 12. Rfd1 Bb7 13. c5 bxc5 14. dxe5 dxe5
15. Ng5 h6 16. Nge4 c4 17. bxc4 Rab8 18. Nxf6+ Nxf6 19. Ne4 Nxe4 20. Bxe4 Bc8
21. Bc3 Bg4 22. Bh7+ Kh8 23. Bf5 Bxf5 24. Qxf5 Re6 25. Rd2 g6 26. Qe4 Bb4 27.
Bxb4 Rxb4 28. Rcd1 Rb7 29. c5 Qa5 30. Rd6 Qxa2 31. Qxc6 Rbe7 32. Rxe6 Qxe6 33.
Qe4 Kg7 34. Rd6 Qf5 35. Qc4 Qb1+ 36. Kg2 a5 37. c6 Qb6 38. Qd5 Qd4 39. Qxd4
exd4 40. Kf3 a4 41. Rxd4 Ra7 42. Rc4 a3 43. c7 a2 44. c8=Q a1=Q 45. Kg2 Qe5 46.
Qd8 h5 47. Qd4 1/2-1/2

[Event "Erfurt - Godesberg"]
[Site "BL 0203"]
[Date "2002.12.14"]
[Round "5.4"]
[White "Paehtz, Thomas Sr"]
[Black "Seger, Ruediger"]
[Result "0-1"]
[WhiteElo "2459"]
[BlackElo "2406"]
[PlyCount "69"]
[EventDate "2002.??.??"]

1. e4 c6 2. d4 d5 3. Nc3 dxe4 4. Nxe4 Bf5 5. Ng3 Bg6 6. Bc4 e6 7. N1e2 Nf6 8.
O-O Bd6 9. f4 Qd7 10. f5 exf5 11. Bf4 Ne4 12. h4 Bxf4 13. Rxf4 Nd6 14. Bb3 h6
15. c4 O-O 16. c5 Ne4 17. h5 Bh7 18. Nxe4 fxe4 19. Qd2 Na6 20. Raf1 Nxc5 21.
Bxf7+ Kh8 22. Bg6 Rxf4 23. Qxf4 Ne6 24. Qxe4 Ng5 25. Qe5 Rd8 26. Qc5 Bg8 27.
Bf5 Be6 28. Bb1 Bf7 29. Rf5 b6 30. Qa3 c5 31. d5 Bxd5 32. Qd3 Bg8 33. Qxd7 Rxd7
34. Rf8 Rd1+ 35. Kh2 0-1

[Event "Erfurt - Godesberg"]
[Site "BL 0203"]
[Date "2002.12.14"]
[Round "5.6"]
[White "Enders, Peter"]
[Black "Schmidt, Bodo"]
[Result "1-0"]
[WhiteElo "2524"]
[BlackElo "2360"]
[PlyCount "77"]
[EventDate "2002.??.??"]

1. e4 e6 2. d4 d5 3. Nc3 Bb4 4. e5 c5 5. a3 Bxc3+ 6. bxc3 Qc7 7. Nf3 Ne7 8. a4
h6 9. Bd3 b6 10. O-O Ba6 11. Bxa6 Nxa6 12. Ba3 Nb8 13. Nh4 Nbc6 14. f4 Na5 15.
f5 exf5 16. Nxf5 Nxf5 17. Rxf5 O-O 18. Qd3 Nc4 19. Bc1 Qc6 20. Rf2 Rae8 21. h3
Qe6 22. Bf4 f6 23. exf6 Rxf6 24. dxc5 bxc5 25. Raf1 Qe4 26. Bg3 Rxf2 27. Bxf2
Ne3 28. Qxe4 Rxe4 29. Re1 Nc4 30. Rb1 a6 31. Bxc5 Kf7 32. Rb7+ Kg6 33. Bd4 Re1+
34. Kh2 Rc1 35. Rxg7+ Kf5 36. Ra7 a5 37. Rf7+ Ke4 38. Rf2 Re1 39. g3 1-0

[Event "Erfurt - Godesberg"]
[Site "BL 0203"]
[Date "2002.12.14"]
[Round "5.7"]
[White "Upleger, Martin"]
[Black "Brueggemann, Joachim"]
[Result "0-1"]
[WhiteElo "2268"]
[BlackElo "2412"]
[PlyCount "60"]
[EventDate "2002.??.??"]

1. d4 Nf6 2. Nf3 e6 3. e3 c5 4. c4 d5 5. Nc3 Nc6 6. Bd3 Be7 7. O-O O-O 8. a3
dxc4 9. Bxc4 b6 10. dxc5 bxc5 11. Qe2 Rb8 12. Rd1 Qc7 13. e4 e5 14. Nd5 Nxd5
15. Bxd5 Nd4 16. Nxd4 cxd4 17. b4 Rb6 18. Bd2 Ba6 19. Qh5 Kh8 20. Rdc1 Qb8 21.
Rab1 f5 22. Rb3 f4 23. Rh3 h6 24. Rb3 Bb5 25. Rbb1 Kh7 26. Qh3 Qd6 27. Qf3 Qd7
28. h3 Rg6 29. Kh2 Bh4 30. Be1 Bf1 0-1

[Event "Erfurt - Godesberg"]
[Site "BL 0203"]
[Date "2002.12.14"]
[Round "5.8"]
[White "Voekler, Bernd"]
[Black "Philipowski, Robert"]
[Result "1/2-1/2"]
[WhiteElo "2382"]
[BlackElo "2299"]
[PlyCount "54"]
[EventDate "2002.??.??"]

1. e4 c5 2. Nf3 Nc6 3. d4 cxd4 4. Nxd4 Nf6 5. Nc3 d6 6. Bg5 e6 7. Qd2 a6 8.
O-O-O Bd7 9. f3 b5 10. Nxc6 Bxc6 11. h4 Be7 12. Bd3 h6 13. Be3 d5 14. e5 d4 15.
exf6 Bxf6 16. Be4 Bxe4 17. Nxe4 dxe3 18. Qxe3 Qe7 19. Nxf6+ gxf6 20. Rd2 f5 21.
g4 fxg4 22. Qc3 O-O 23. fxg4 Rac8 24. Qe3 Rc4 25. Rg2 Qf6 26. Rf2 Qd4 27. Qxh6
Qxf2 1/2-1/2

[Event "Plauen - Porz"]
[Site "BL 0203"]
[Date "2002.12.14"]
[Round "5.2"]
[White "Bischoff, Klaus"]
[Black "Sokolov, Ivan"]
[Result "1/2-1/2"]
[WhiteElo "2554"]
[BlackElo "2684"]
[PlyCount "93"]
[EventDate "2002.??.??"]

1. d4 Nf6 2. Nf3 d5 3. c4 c6 4. e3 Bg4 5. Nbd2 Nbd7 6. h3 Bh5 7. Be2 e6 8. a3
Bd6 9. b4 O-O 10. Bb2 Ne4 11. Nxe4 dxe4 12. Nd2 Bxe2 13. Qxe2 f5 14. g4 Kh8 15.
O-O-O a5 16. c5 Bc7 17. b5 cxb5 18. Qxb5 Nf6 19. gxf5 exf5 20. Nb1 Nd5 21. Nc3
Nxc3 22. Bxc3 Qd5 23. Rd2 f4 24. Rb2 fxe3 25. fxe3 Qg5 26. Bd2 Qg2 27. Rd1 Qf3
28. Qd7 Rf7 29. Qg4 Rb8 30. Kc2 b6 31. Qxf3 Rxf3 32. d5 Rc8 33. c6 Rd8 34. Bc1
Rxh3 35. Rb5 Rh2+ 36. Kb1 h5 37. Bb2 h4 38. d6 Rxd6 39. Rxd6 Bxd6 40. Rd5 Bg3
41. Be5 Rh1+ 42. Kc2 Rh2+ 43. Kb1 Rh1+ 44. Kb2 Rh2+ 45. Kc1 Rh1+ 46. Kc2 Rh2+
47. Kb1 1/2-1/2

[Event "Plauen - Porz"]
[Site "BL 0203"]
[Date "2002.12.14"]
[Round "5.3"]
[White "Andersson, Ulf"]
[Black "Markowski, Tomasz"]
[Result "1-0"]
[WhiteElo "2599"]
[BlackElo "2549"]
[PlyCount "65"]
[EventDate "2002.??.??"]

1. Nf3 c5 2. c4 g6 3. d4 Bg7 4. e4 Qb6 5. dxc5 Qxc5 6. Be2 d6 7. O-O Nc6 8. a3
Bg4 9. Be3 Qa5 10. Bd2 Qd8 11. Nc3 Nf6 12. Be3 O-O 13. h3 Bxf3 14. Bxf3 Nd7 15.
Rc1 Rc8 16. Be2 Nc5 17. b4 Ne6 18. Nd5 h5 19. Kh1 b6 20. f4 Ned4 21. b5 Nxe2
22. Qxe2 Nd4 23. Bxd4 Bxd4 24. e5 e6 25. Nf6+ Kg7 26. Rcd1 Bc5 27. Rd3 Rh8 28.
Ne4 d5 29. cxd5 exd5 30. f5 Qh4 31. f6+ Kh7 32. Rxd5 Rhe8 33. Kh2 1-0

[Event "Plauen - Porz"]
[Site "BL 0203"]
[Date "2002.12.14"]
[Round "5.4"]
[White "Kindermann, Stefan"]
[Black "Vaganian, Rafael"]
[Result "1/2-1/2"]
[WhiteElo "2519"]
[BlackElo "2667"]
[PlyCount "121"]
[EventDate "2002.??.??"]

1. e4 e6 2. d4 d5 3. Nd2 c5 4. exd5 exd5 5. Ngf3 Nc6 6. Bb5 Bd6 7. O-O Nge7 8.
dxc5 Bxc5 9. Nb3 Bd6 10. Re1 O-O 11. Bg5 Bg4 12. Bh4 Qc7 13. Bg3 Rad8 14. Be2
Nf5 15. Bxd6 Qxd6 16. Nfd4 Bxe2 17. Rxe2 Nfxd4 18. Nxd4 Rfe8 19. c3 Rxe2 20.
Qxe2 Nxd4 21. cxd4 Rc8 22. g3 g6 23. b3 Qf6 24. Qd3 Qe6 25. Qd2 Qf5 26. Rc1
Rxc1+ 27. Qxc1 Kg7 28. h4 b6 29. Qd2 h6 30. Kg2 g5 31. hxg5 hxg5 32. f3 g4 33.
fxg4 Qxg4 34. Qe3 Kg6 35. Qd2 Qe4+ 36. Kf2 Kf5 37. Qd1 Kg5 38. Qd2+ Kg6 39. Qd1
a5 40. a4 f6 41. Qd2 Qf5+ 42. Kg2 Qb1 43. Qe3 Qc2+ 44. Kf3 Kf7 45. Kf4 Qh2 46.
Kf3 Qh1+ 47. Kf2 Qd1 48. Qc3 Kg6 49. Qe3 Kf5 50. Qf4+ Ke6 51. Qe3+ Kd7 52. Qc3
f5 53. Qe3 Qc2+ 54. Kf1 Qe4 55. Kf2 Kc6 56. Qh6+ Kb7 57. Qg7+ Ka6 58. Qh8 Qc2+
59. Ke1 Qc3+ 60. Ke2 Qc2+ 61. Ke1 1/2-1/2

[Event "Plauen - Porz"]
[Site "BL 0203"]
[Date "2002.12.14"]
[Round "5.7"]
[White "Hansen, Curt"]
[Black "Dirr, Ulrich"]
[Result "1-0"]
[WhiteElo "2610"]
[BlackElo "2322"]
[PlyCount "74"]
[EventDate "2002.??.??"]

1. d4 f5 2. g3 Nf6 3. Bg2 g6 4. Nf3 Bg7 5. O-O O-O 6. c4 d6 7. Nc3 Qe8 8. d5 a5
9. Nd4 Na6 10. b3 Nc5 11. Rb1 Bd7 12. e3 c6 13. Bb2 Rc8 14. Ba1 g5 15. f4 Ng4
16. Re1 Qg6 17. b4 axb4 18. Rxb4 Rf7 19. Nb3 e5 20. h3 Nh6 21. Nxc5 dxc5 22.
Rxb7 gxf4 23. exf4 Qxg3 24. fxe5 f4 25. Ne4 Qg6 26. Rb3 cxd5 27. cxd5 Ba4 28.
e6 Rf5 29. Kh1 Bxb3 30. Qxb3 f3 31. Bxf3 c4 32. Qb7 Rxf3 33. Qxc8+ Rf8 34. Qc7
c3 35. Qg3 Qxg3 36. Nxg3 Re8 37. d6 Bf8 1-0

[Event "Plauen - Porz"]
[Site "BL 0203"]
[Date "2002.12.14"]
[Round "5.8"]
[White "Kuraszkiewicz, Michael"]
[Black "Kengis, Edwin"]
[Result "0-1"]
[WhiteElo "2500"]
[BlackElo "2570"]
[PlyCount "150"]
[EventDate "2002.??.??"]

1. d4 Nf6 2. c4 e6 3. Nf3 b6 4. g3 Ba6 5. b3 Bb4+ 6. Bd2 Bxd2+ 7. Nbxd2 d5 8.
Qc2 O-O 9. Bg2 Nbd7 10. O-O c5 11. dxc5 Nxc5 12. Rfd1 Rc8 13. Qb2 b5 14. Qa3
dxc4 15. Nxc4 Nd5 16. Ne3 b4 17. Qb2 Ne4 18. Nxd5 exd5 19. Nd4 Qf6 20. Bxe4
dxe4 21. a3 e3 22. fxe3 Qe5 23. Qd2 Bb7 24. Nf3 Qe7 25. axb4 Rfd8 26. Qe1 Qxe3+
27. Qf2 Rxd1+ 28. Rxd1 Qxb3 29. Qd4 h6 30. Ne5 Re8 31. Ra1 a6 32. Rc1 Bd5 33.
Kf2 Ba8 34. Rc5 Qe6 35. Kg1 Qf6 36. Qf2 Qe7 37. Qd4 Qf6 38. Qf4 Qe7 39. Qc4 Bb7
40. Rc7 Qf6 41. Qf4 Qb6+ 42. Rc5 Bd5 43. Nc4 Qe6 44. Ne3 Ba8 45. Rc3 Be4 46. h4
Qh3 47. Qg4 Qh2+ 48. Kf1 Qh1+ 49. Kf2 Qh2+ 50. Kf1 h5 51. Qf4 Qh1+ 52. Kf2 Qh2+
53. Kf1 Qh1+ 54. Kf2 Re6 55. Rc5 Rf6 56. Nf5 Qg2+ 57. Ke1 Bxf5 58. Rxf5 Rxf5
59. Qxf5 Qxg3+ 60. Kf1 Qxh4 61. Qc8+ Kh7 62. Qxa6 Qxb4 63. Qd3+ g6 64. e4 Kg7
65. Qd5 Qb1+ 66. Kg2 Qb2+ 67. Kg1 h4 68. Qd3 Qe5 69. Kh1 g5 70. Qf3 Qg3 71.
Qxg3 hxg3 72. Kg2 Kf6 73. Kxg3 Ke5 74. Kf3 f6 75. Ke3 g4 0-1

[Event "Luebeck - Kreuzberg"]
[Site "Luebeck Media Docks"]
[Date "2002.12.14"]
[Round "5.1"]
[White "Nisipeanu, Liviu-Dieter"]
[Black "Grischuk, Alexander"]
[Result "1/2-1/2"]
[WhiteElo "2613"]
[BlackElo "2702"]
[PlyCount "40"]
[EventDate "2002.??.??"]

1. e4 e5 2. Nf3 Nc6 3. Bb5 a6 4. Bxc6 dxc6 5. O-O f6 6. d4 Bg4 7. c3 Bd6 8. Be3
Qe7 9. Nbd2 O-O-O 10. Qc2 exd4 11. Nxd4 c5 12. Nf5 Bxf5 13. exf5 Qd7 14. Ne4
Ne7 15. Bxc5 Bxc5 16. Nxc5 Qxf5 17. Qxf5+ Nxf5 18. Rfd1 a5 19. Kf1 b6 20. Ne6
Rxd1+ 1/2-1/2

[Event "Luebeck - Kreuzberg"]
[Site "Luebeck Media Docks"]
[Date "2002.12.14"]
[Round "5.2"]
[White "Fressinet, Laurent"]
[Black "Socko, Bartosz"]
[Result "1-0"]
[WhiteElo "2619"]
[BlackElo "2562"]
[PlyCount "103"]
[EventDate "2002.??.??"]

1. e4 e6 2. d4 d5 3. e5 c5 4. c3 Qb6 5. Nf3 Bd7 6. a3 Nc6 7. b4 cxd4 8. cxd4
Rc8 9. Bb2 Na5 10. Nbd2 Nc4 11. Nxc4 dxc4 12. Rc1 a5 13. Nd2 axb4 14. Nxc4 Qd8
15. a4 Bc6 16. a5 Be7 17. Nb6 Rc7 18. d5 exd5 19. Bd3 Bg5 20. Rc2 Ne7 21. O-O
Bh6 22. Bd4 O-O 23. Qb1 Re8 24. f4 g6 25. Qxb4 Bf8 26. Qe1 Nc8 27. Qg3 Bg7 28.
f5 Nxb6 29. axb6 Rc8 30. Rcf2 Bd7 31. Rf4 Rc4 32. fxg6 fxg6 33. Bxc4 dxc4 34.
Qf3 Be6 35. Qf2 Qd5 36. Bc3 Qc6 37. h3 Bh6 38. Rf3 Rd8 39. Kh2 Bg7 40. Re1 Rd5
41. Bb4 h5 42. Qg3 Qe8 43. Bd6 Kh7 44. Ref1 Rb5 45. Rf8 Qc6 46. R1f6 Bxf6 47.
Rxf6 Qe8 48. Rf8 Qd7 49. Qg5 Rxb6 50. Rd8 Rxd6 51. exd6 Qf7 52. Qe5 1-0

[Event "Luebeck - Kreuzberg"]
[Site "Luebeck Media Docks"]
[Date "2002.12.14"]
[Round "5.6"]
[White "Conquest, Stuart"]
[Black "Kalinitschew, Sergey"]
[Result "1/2-1/2"]
[WhiteElo "2542"]
[BlackElo "2487"]
[PlyCount "133"]
[EventDate "2002.??.??"]

1. d4 d5 2. c4 e6 3. Nc3 Nf6 4. cxd5 exd5 5. Bg5 Bb4 6. e3 c6 7. Bd3 Qa5 8.
Nge2 Ne4 9. Bxe4 dxe4 10. Bf4 O-O 11. a3 Bxc3+ 12. Nxc3 Be6 13. Qd2 Qf5 14. Qc2
Bd5 15. f3 Re8 16. O-O Qe6 17. fxe4 Bxe4 18. Nxe4 Qxe4 19. Qb3 Re7 20. Rf3 Qe6
21. Qc2 Nd7 22. Raf1 Rae8 23. Bg3 f6 24. Be1 Nb6 25. Bb4 Rd7 26. Rh3 Qe4 27.
Qb3+ Nd5 28. Rg3 Rf7 29. Bd2 f5 30. Kh1 Re6 31. Rgf3 g5 32. Kg1 h5 33. R3f2 h4
34. h3 Kh7 35. Qd1 Kg6 36. Re1 Rff6 37. Qf3 Re7 38. Qxe4 Rxe4 39. Rfe2 Rfe6 40.
Kf2 g4 41. Bc1 Re8 42. Bd2 Nf6 43. b4 R4e6 44. Bc1 Ne4+ 45. Kg1 a6 46. Rc2 Nf6
47. Rf2 Nd5 48. Ref1 Nc3 49. Rc2 Ne4 50. Rf4 Kg5 51. a4 Ra8 52. Rf1 g3 53. Rb2
Kg6 54. Rf4 Kg5 55. Kf1 b5 56. a5 Rh8 57. Rc2 Kg6 58. Bb2 Rh7 59. d5 cxd5 60.
Bd4 Ng5 61. Rc8 Ne4 62. Ke2 Ree7 63. Rg8+ Kf7 64. Ra8 Kg6 65. Rg8+ Kf7 66. Ra8
Kg6 67. Rg8+ 1/2-1/2

[Event "Luebeck - Kreuzberg"]
[Site "Luebeck Media Docks"]
[Date "2002.12.14"]
[Round "5.7"]
[White "Volke, Karsten"]
[Black "Hector, Jonny"]
[Result "1/2-1/2"]
[WhiteElo "2450"]
[BlackElo "2562"]
[PlyCount "122"]
[EventDate "2002.??.??"]

1. c4 Nf6 2. g3 e5 3. Bg2 Nc6 4. Nc3 Bc5 5. a3 d6 6. e3 a6 7. Nge2 Ba7 8. b4 h5
9. h3 Be6 10. Nd5 Rb8 11. Nec3 Ne7 12. Bb2 c6 13. Nxf6+ gxf6 14. c5 dxc5 15.
Ne4 Ng6 16. bxc5 Kf8 17. d4 f5 18. Nd6 h4 19. O-O Qg5 20. f4 Qh6 21. Qc2 hxg3
22. Nxf5 Bxf5 23. Qxf5 exf4 24. exf4 Re8 25. Qd7 Re2 26. Bc3 Nh4 27. Qc8+ Re8
28. Qd7 Nxg2 29. Kxg2 Re2+ 30. Kf3 Qh5+ 31. Qg4 Rh2 32. Qxh5 Rxh5 33. Rg1 Bb8
34. Rab1 Rh4 35. Rxb7 Bxf4 36. Be1 Ra2 37. Rb3 Bc7 38. Bxg3 Bxg3 39. Rxg3 Rxd4
40. Rg4 Rdd2 41. Ra4 Rdc2 42. Ra5 Kg7 43. Ke4 Rc4+ 44. Ke5 Rd2 45. Rg3+ Kf8 46.
Kf6 Rd5 47. Rf3 Re4 48. Rf5 Re6+ 49. Kg5 f6+ 50. Kg6 Rxf5 51. Kxf5 Kf7 52. Rxa6
Re5+ 53. Kf4 Rxc5 54. Ra8 Ke6 55. Re8+ Kd7 56. Re3 Rh5 57. Kg4 Rg5+ 58. Kf4 Ra5
59. Rd3+ Ke6 60. Re3+ Kd5 61. Rd3+ Ke6 1/2-1/2

[Event "Luebeck - Kreuzberg"]
[Site "Luebeck Media Docks"]
[Date "2002.12.14"]
[Round "5.8"]
[White "DeFirmian, Nick"]
[Black "Muse, Drazen"]
[Result "1/2-1/2"]
[WhiteElo "2551"]
[BlackElo "2432"]
[PlyCount "67"]
[EventDate "2002.??.??"]

1. e4 c5 2. Nf3 d6 3. d4 cxd4 4. Nxd4 Nf6 5. Nc3 g6 6. Be3 Bg7 7. f3 Nc6 8. Qd2
O-O 9. O-O-O Nxd4 10. Bxd4 Be6 11. Kb1 Qc7 12. Nd5 Bxd5 13. exd5 Rfc8 14. Rc1
Qd7 15. g4 b5 16. h4 Qb7 17. c4 bxc4 18. Bxc4 Rc7 19. Bb3 Rac8 20. Rxc7 Rxc7
21. h5 Qb5 22. h6 Bf8 23. Bc3 Nd7 24. g5 Nc5 25. Bc2 Na4 26. Bxa4 Qxa4 27. b3
Qd7 28. Kb2 Qf5 29. f4 f6 30. Rd1 Kf7 31. Qd4 Rc5 32. b4 Rc7 33. Kb3 Ke8 34.
Qd3 {resltiche Notation wird nachgereicht, Remis im 60. Zug} 1/2-1/2

[Event "Hamburg - Neukoelln"]
[Site "BL 0203"]
[Date "2002.12.14"]
[Round "5.1"]
[White "Brynell, Stellan"]
[Black "Dorfman, Jossif"]
[Result "1-0"]
[WhiteElo "2508"]
[BlackElo "2617"]
[PlyCount "143"]
[EventDate "2002.??.??"]

1. e4 c6 2. d4 d5 3. exd5 cxd5 4. c4 Nf6 5. Nc3 e6 6. Nf3 Bb4 7. Bd3 dxc4 8.
Bxc4 O-O 9. O-O Nbd7 10. Bg5 Qa5 11. Rc1 Bxc3 12. bxc3 b6 13. Re1 Bb7 14. Ne5
Rac8 15. Bd2 Nxe5 16. Rxe5 Qa3 17. Bb3 Ne4 18. Be1 Rfd8 19. f3 Nc5 20. Rb1 Nd7
21. Re3 Nf8 22. Bg3 Ba6 23. h4 Bc4 24. h5 h6 25. Qe1 Rd5 26. Re5 Qa5 27. Bc2
Rxe5 28. Bxe5 f6 29. Bd6 Qxh5 30. Bxf8 Kxf8 31. Qg3 Qf7 32. a4 Bd5 33. a5 Qc7
34. Qxc7 Rxc7 35. axb6 axb6 36. Bb3 Rxc3 37. Bxd5 exd5 38. Rb5 Ke7 39. Kf2 Rc2+
40. Kg3 Rd2 41. Rxd5 Rb2 42. f4 g6 43. Kf3 h5 44. g3 Rb3+ 45. Kf2 Rb4 46. Kf3
Rb1 47. Ke2 Rb3 48. Kf2 b5 49. Kg2 Ke6 50. Rc5 b4 51. Rb5 Rb1 52. Kh2 b3 53.
Kg2 Kd6 54. d5 g5 55. fxg5 fxg5 56. Kh2 g4 57. Kg2 Ke5 58. Kh2 Kd4 59. d6 Kc3
60. Rc5+ Kb4 61. Rc7 Rb2+ 62. Kg1 Rd2 63. d7 b2 64. Rb7+ Kc3 65. Rc7+ Kb3 66.
Rb7+ Kc2 67. Rc7+ Kd1 68. Rb7 Ke1 69. Rxb2 Rxd7 70. Rb5 Ke2 71. Rxh5 Kf3 72.
Ra5 1-0

[Event "Hamburg - Neukoelln"]
[Site "BL 0203"]
[Date "2002.12.14"]
[Round "5.2"]
[White "Ftacnik, Lubomir"]
[Black "Berndt, Stephan"]
[Result "0-1"]
[WhiteElo "2602"]
[BlackElo "2482"]
[PlyCount "79"]
[EventDate "2002.??.??"]

1. d4 d5 2. c4 e6 3. Nf3 Nf6 4. g3 Bb4+ 5. Bd2 Be7 6. Qb3 O-O 7. Bg2 Nbd7 8.
cxd5 exd5 9. O-O Nb6 10. Bb4 Bxb4 11. Qxb4 Re8 12. Nc3 a5 13. Qb3 Ne4 14. Rac1
Nxc3 15. Qxc3 c6 16. Rfe1 Nc4 17. b3 Nd6 18. Nd2 Bf5 19. a4 Bg6 20. f3 Nf5 21.
e3 h5 22. Kf2 Qf6 23. Bf1 Re7 24. Bd3 h4 25. g4 Nxe3 26. Bxg6 Rae8 27. Be4
Nxg4+ 28. Kg1 dxe4 29. fxg4 e3 30. Rf1 exd2 31. Rxf6 dxc1=Q+ 32. Qxc1 Re1+ 33.
Rf1 Rxc1 34. Rxc1 Re4 35. h3 Rxd4 36. Rc5 Rd3 37. Rxa5 Rxh3 38. b4 Rg3+ 39. Kh2
Rxg4 40. b5 0-1

[Event "Hamburg - Neukoelln"]
[Site "BL 0203"]
[Date "2002.12.14"]
[Round "5.3"]
[White "Polzin, Rainer"]
[Black "Kempinski, Robert"]
[Result "0-1"]
[WhiteElo "2462"]
[BlackElo "2587"]
[PlyCount "77"]
[EventDate "2002.??.??"]

1. e4 c5 2. Nf3 d6 3. d4 cxd4 4. Nxd4 Nf6 5. Nc3 a6 6. f4 Qc7 7. Nf3 e6 8. Bd3
Nbd7 9. Qe2 Nc5 10. Bd2 Be7 11. b4 Nxd3+ 12. cxd3 O-O 13. Rc1 Qd8 14. a3 Bd7
15. O-O Rc8 16. Kh1 Rc7 17. Nd4 Qb8 18. g4 Ne8 19. g5 Qd8 20. Qg2 Rc8 21. f5
Kh8 22. Rf3 d5 23. exd5 exf5 24. Nxf5 Bxf5 25. Rxf5 a5 26. Rb1 axb4 27. axb4
Qd7 28. Rff1 Kg8 29. b5 Nd6 30. Ne4 Kh8 31. b6 Rc2 32. Rf2 Nc8 33. Bc3 Rxf2 34.
Nxf2 Qf5 35. Ne4 Qxd5 36. Qg3 Rd8 37. Rf1 Nxb6 38. Qf3 Qxd3 39. Qxd3 0-1

[Event "Hamburg - Neukoelln"]
[Site "BL 0203"]
[Date "2002.12.14"]
[Round "5.4"]
[White "Berg, Emanuel"]
[Black "Borris, Martin"]
[Result "1/2-1/2"]
[WhiteElo "2516"]
[BlackElo "2439"]
[PlyCount "135"]
[EventDate "2002.??.??"]

1. e4 c5 2. Nf3 d6 3. d4 cxd4 4. Nxd4 Nf6 5. Nc3 Nc6 6. Be3 Ng4 7. Bb5 Nxe3 8.
fxe3 Bd7 9. O-O e6 10. Bxc6 bxc6 11. e5 Be7 12. Qh5 O-O 13. exd6 Bxd6 14. Rad1
Qc7 15. Ne4 Be7 16. Ng5 Bxg5 17. Qxg5 e5 18. Nb3 f6 19. Qh4 Be6 20. Nc5 Qe7 21.
Qb4 Rad8 22. Qc3 Rd5 23. Nxe6 Qxe6 24. Qc4 Kf7 25. Qa4 Rd7 26. Rxd7+ Qxd7 27.
Qb3+ Ke7 28. Qb4+ Kf7 29. Qb3+ Ke7 30. Qb4+ Kf7 31. Qe4 Kg8 32. Qc4+ Kh8 33.
Qd3 Qxd3 34. cxd3 Rd8 35. Rd1 Kg8 36. Kf2 Kf7 37. Ke2 Rb8 38. b3 a5 39. Rc1 a4
40. bxa4 Rb2+ 41. Kf3 Rxa2 42. Rc4 Ra3 43. g4 Rxd3 44. Rxc6 Ra3 45. Ra6 g5 46.
Ke4 Kg6 47. Ra8 Ra2 48. h3 h5 49. gxh5+ Kxh5 50. Kf5 Rf2+ 51. Ke6 Kh4 52. a5
Kxh3 53. a6 Kg4 54. a7 Ra2 55. Kxf6 Ra5 56. Ke6 e4 57. Kd6 Kg3 58. Kc6 Ra3 59.
Kc5 g4 60. Kd4 Ra4+ 61. Ke5 Kg2 62. Kf4 Kf2 63. Rb8 Rxa7 64. Rb2+ Kf1 65. Kxg4
Rf7 66. Rb4 Ke2 67. Rxe4 Rf3 68. Rc4 1/2-1/2

[Event "Hamburg - Neukoelln"]
[Site "BL 0203"]
[Date "2002.12.14"]
[Round "5.5"]
[White "Poldauf, Dirk"]
[Black "Hansen, Sune Berg"]
[Result "1/2-1/2"]
[WhiteElo "2410"]
[BlackElo "2545"]
[PlyCount "120"]
[EventDate "2002.??.??"]

1. c4 Nf6 2. Nc3 c5 3. g3 e6 4. Nf3 b6 5. Bg2 Bb7 6. O-O d6 7. b3 Be7 8. Bb2
O-O 9. e3 Nbd7 10. d3 a6 11. Qe2 Re8 12. Nh4 Qb8 13. f4 b5 14. Rab1 Bxg2 15.
Nxg2 Qb7 16. g4 Nb6 17. g5 Nfd7 18. Rf3 d5 19. cxd5 exd5 20. Rh3 Nf8 21. Qh5 f5
22. Ne2 g6 23. Qh6 Bd6 24. Ng3 Re6 25. Rf1 Rc8 26. e4 dxe4 27. dxe4 c4 28. exf5
gxf5 29. Nxf5 c3 30. Rxc3 Bc5+ 31. Rxc5 Rxc5 32. Nge3 Nd5 33. Ng4 Rc2 34. Qg7+
Qxg7 35. Bxg7 Kf7 36. Bxf8 Kxf8 37. Nd4 Ree2 38. Nxc2 Rxc2 39. a4 bxa4 40. bxa4
Rc4 41. a5 Rxf4 42. Rxf4+ Nxf4 43. Ne5 Ke7 44. Nc6+ Kf7 45. Nb4 Ne2+ 46. Kf2
Nd4 47. Ke3 Nb3 48. Nc6 Kg6 49. Kf4 Kh5 50. Kf5 Kh4 51. Kf6 Kh5 52. Nb4 Nxa5
53. Nxa6 Nb3 54. Nc7 Nd2 55. Ne6 Nf3 56. h3 Kh4 57. Kg7 Nxg5 58. Nxg5 Kxg5 59.
Kxh7 Kh4 60. Kg6 Kxh3 1/2-1/2

[Event "Hamburg - Neukoelln"]
[Site "BL 0203"]
[Date "2002.12.14"]
[Round "5.6"]
[White "Wahls, Matthias"]
[Black "Ahlander, Bjoern Mikael"]
[Result "1/2-1/2"]
[WhiteElo "2539"]
[BlackElo "2419"]
[PlyCount "83"]
[EventDate "2002.??.??"]

1. c4 e6 2. Nf3 Nf6 3. g3 c5 4. Bg2 Nc6 5. O-O Be7 6. d4 d5 7. dxc5 Bxc5 8. Qc2
Bb6 9. Nc3 O-O 10. Na4 Bc7 11. Rd1 Qe7 12. Be3 b6 13. Nc3 Bb7 14. Nd4 Rad8 15.
Nxc6 Bxc6 16. Bg5 Be5 17. cxd5 exd5 18. Bxd5 Qb7 19. Bxc6 Qxc6 20. Rxd8 Rxd8
21. Rc1 Rc8 22. Qf5 Qe8 23. Nd1 Rd8 24. Qc2 h6 25. Bd2 Qe6 26. Bc3 Rc8 27. Qb1
Rc5 28. Ne3 Bxc3 29. Rxc3 Rh5 30. Rd3 g6 31. Qd1 Rc5 32. Rd8+ Kg7 33. a3 Rc6
34. Nf1 h5 35. h4 Qe5 36. b4 Rc3 37. Rd3 Ne4 38. Rxc3 Nxc3 39. Qd3 Nxe2+ 40.
Kg2 Nd4 41. Ne3 b5 42. Kf1 1/2-1/2